Biggest Population Change 1973-2073 - Statistics

General Stats
  • This quiz has been taken 11 times
  • The average score is 12 of 20
Answer Stats
Country Percent Change % Correct
Ukraine -51.29%
89%
Belarus -36.51%
78%
Bosnia and Herzegovina -52.49%
78%
Latvia -50.14%
78%
Lithuania -46.57%
78%
Niger 1383.79%
78%
Serbia -38.60%
78%
Bulgaria -49.71%
67%
Chad 1275.89%
56%
Croatia -40.91%
56%
Democratic Republic of the Congo 1403.76%
56%
Romania -36.67%
56%
Saudi Arabia 1302.06%
56%
Somalia 1187.45%
56%
Angola 1653.37%
44%
Qatar 3252.39%
44%
United Arab Emirates 4486.61%
44%
Equatorial Guinea 1268.19%
33%
Oman 1236.16%
33%
Republic of Moldova -50.10%
33%
No matching quizzes found
Score Distribution
Percent of People with Each Score
Percentile by Number Answered
Your Score History
You have not taken this quiz